Riconosci la Squadra di calcio - Quiz n°194 - Statistics

Statistiche generali
  • Questo quiz è stato fatto 12 volte
  • Il punteggio medio è 7 su 9
Statistiche sulle risposte
Indizio Risposta % Corretto
Titoli nazionali 4 Segunda Division
100%
Colori sociali Giallo, blu
100%
Divisione nazionale 2023-2024 Prima
83%
Confederazione UEFA
83%
Trofei internazionali 0
75%
Capienza Stadio 31 250 posti
75%
Fondazione 2949
67%
Trofei nazionali 0
50%
Squadra Las Palmas
33%
Nessun quiz corrispondente trovato
Distribuzione punteggi
Percentuale di utenti per punteggio
Percentile per numero di risposta
I tuoi punteggi nel tempo
Non hai fatto questo quiz